Les joueurs champions du monde passés par la Ligue 1 - Statistiques

Statistiques générales
  • Ce quiz a été pris 862 fois
    814 depuis la dernière actualisation
  • Le résultat moyen est 34 sur 75
Statistiques - réponses
Coupe du monde Clubs de Ligue 1 Joueur % Correct
Argentine 2022 PSG Lionel Messi
97%
France 2018 Monaco, PSG Kylian Mbappé
90%
Argentine 2022 PSG Angel Di Maria
88%
France 2018 Montpellier Olivier Giroud
81%
France 2018 OM, Rennes Steve Mandanda
80%
France 2018 Nice, OL Hugo Lloris
79%
France 2018 LOSC, OM, Troyes Adil Rami
78%
France 2018 Caen N'Golo Kanté
78%
France 2018 Troyes, ASSE, PSG Blaise Matuidi
77%
France 1998 Cannes Zinedine Zidane
77%
France 2018 Bastia, OM Florian Thauvin
75%
France 2018 Rennes Ousmane Dembélé
75%
France 2018 PSG, Bastia Alphonse Areola
74%
Argentine 2022 PSG Leandro Paredes
74%
France 2018 Lens Raphaël Varane
74%
Argentine 2022 OL Nicolas Tagliafico
73%
France 2018 OL Samuel Umtiti
69%
France 2018 LOSC Benjamin Pavard
68%
France 2018 OL Corentin Tolisso
68%
France 1998 Nantes, OM, Bordeaux Didier Deschamps
68%
France 2018 OL Nabil Fekir
68%
France 2018 PSG Presnel Kimpembe
68%
France 1998 Toulouse, OM, Monaco, Nantes Fabien Barthez
66%
France 1998 Monaco Thierry Henry
66%
Brésil 2002 PSG Ronaldinho
65%
France 2018 OM, Monaco Benjamin Mendy
63%
France 1998 Montpellier, Nîmes, ASSE, Auxerre, OM Laurent Blanc
63%
France 2018 LOSC, Monaco Djibril Sidibé
62%
Allemagne 2014 PSG Julian Draxler
62%
France 2018 Rennes Steven Nzonzi
62%
France 2018 Caen, Monaco Thomas Lemar
59%
France 1998 Bordeaux, OM Bixente Lizarazu
58%
France 1998 Nantes, OM Marcel Desailly
58%
France 1998 Monaco Lilian Thuram
56%
France 1998 Monaco David Trezeguet
55%
France 1998 Monaco Emmanuel Petit
55%
France 1998 Brest, Auxerre, Rennes, Guinguamp Stéphane Guivarc'h
53%
Espagne 2010 Monaco Cesc Fabregas
51%
Allemagne 2014 OL Jerôme Boateng
51%
France 1998 Bordeaux, OM Christophe Dugarry
50%
France 1998 LOSC, Metz, Brest, Lens, PSG, Rennes Bernard Lama
49%
France 1998 Cannes Patrick Vieira
49%
Espagne 2010 PSG Sergio Ramos
48%
France 1998 Monaco, PSG Youri Djorkaeff
48%
Italie 2006 PSG Gianluigui Buffon
47%
France 1998 Metz, OM Robert Pirès
47%
France 1998 Laval, Strasbourg, OM Frank Leboeuf
46%
France 1998 Nantes, Bastia Christian Karembeu
42%
Italie 2006 OL Fabio Grosso
40%
Brésil 1994 PSG Rai
39%
France 1998 Auxerre Lionel Charbonnier
34%
Allemagne 1990 OM Rudi Vôller
29%
France 1998 Toulouse, Guinguamp Vincent Candela
29%
France 1998 Auxerre, Ajaccio Bernard Diomède
27%
France 1998 OM Alain Boghossian
26%
Brésil 2002 OL Edmilson
17%
Allemagne 1990 Monaco Jürgen Klinsmann
15%
Brésil 1994 PSG Leonardo
13%
Brésil 2002 Bordeaux Denilson
10%
Brésil 1970 OM Jairzinho
10%
Argentine 1986 Nantes, Valenciennes Jorge Burruchaga
9%
Brésil 1970 OM Paulo César
7%
Allemagne 1990 OM Andreas Köpke
6%
Brésil 2002 PSG Vampeta
5%
Argentine 1986 Brest José Luis Brown
3%
Brésil 1994 Bordeaux Marcio Santos
3%
Argentine 1978 PSG Osvaldo Ardiles
3%
Allemagne 1990 RC Paris Pierre Littbarski
3%
Argentine 1978 Bastia, Toulouse Alberto Tarantini
2%
Brésil 2002 Bordeaux Ricardinho
2%
Argentine 1986 Nantes Julio Olarticoechea
1%
Argentine 1978 OM Norberto Alonso
1%
Argentine 1986 Brest Carlos Tapia
0%
Brésil 1970 PSG Joel Camargo
0%
Argentine 1986 Nïmes José Luis Cuciuffo
0%
Aucun quiz correspondant
Distribution des résultats
% des personnes avec chaque résultat
Percentile par nombre de réponses
Votre historique - résultats
Vous n’avez pas pris ce quiz depuis la dernière actualisation